000 00512nam a2200121Ia 4500
008 200916s9999 xx 000 0 und d
020 _a978-971-6954-41-4
100 _aBanaag, Francis B.
245 _cFrancis B. Banaag, Rodolfo L. Ducut, Michael Dela Cruz, Maria Belen R. Gunda, Rome Sherriff G. Montoya.--
_aHuman resource information system /
260 _aManila :
_bUnlimited Books Library Services & Publishing Inc.
_c2016
300 _ax , 165 pages :
_billustrations ;
_c23 cm.
650 _aPersonnel records
999 _c364267
_d364267